<?xml version="1.0" encoding="UTF-8"?>
<record
    xmlns:xsi="http://www.w3.org/2001/XMLSchema-instance"
    xsi:schemaLocation="http://www.loc.gov/MARC21/slim http://www.loc.gov/standards/marcxml/schema/MARC21slim.xsd"
    xmlns="http://www.loc.gov/MARC21/slim">

  <leader>01476nam a22002777a 4500</leader>
  <controlfield tag="001">BRCA_9217</controlfield>
  <controlfield tag="003">FranzMayer</controlfield>
  <controlfield tag="005">20220809140009.0</controlfield>
  <controlfield tag="008">220725b        |||||||| |||| 00| 0 eng d</controlfield>
  <datafield tag="040" ind1=" " ind2=" ">
    <subfield code="b">spa</subfield>
    <subfield code="c">MFM </subfield>
  </datafield>
  <datafield tag="041" ind1="1" ind2=" ">
    <subfield code="a">spa</subfield>
    <subfield code="a">eng</subfield>
  </datafield>
  <datafield tag="050" ind1=" " ind2=" ">
    <subfield code="a">NC1807.M4</subfield>
    <subfield code="b">B54 16 2020</subfield>
  </datafield>
  <datafield tag="245" ind1="0" ind2="3">
    <subfield code="a">16 [i.e D&#xE9;cima Sexta] Bienal Internacional del Cartel en M&#xE9;xico</subfield>
  </datafield>
  <datafield tag="260" ind1=" " ind2=" ">
    <subfield code="a">Ciudad de M&#xE9;xico : </subfield>
    <subfield code="b">Bienal Internacional del Cartel en M&#xE9;xico, </subfield>
    <subfield code="c">2020</subfield>
  </datafield>
  <datafield tag="300" ind1=" " ind2=" ">
    <subfield code="a">235 p. : </subfield>
    <subfield code="b">il., fot. col. ;</subfield>
    <subfield code="c">23 x 32.5 cm.</subfield>
  </datafield>
  <datafield tag="500" ind1=" " ind2=" ">
    <subfield code="a">Ubicaci&#xF3;n: L59-N5</subfield>
  </datafield>
  <datafield tag="500" ind1=" " ind2=" ">
    <subfield code="a">Cat&#xE1;logo de la exposici&#xF3;n realizada en el Museo Franz Mayer en la Ciudad de M&#xE9;xico (18 de noviembre de 2020 - 07 de marzo de 2021)</subfield>
  </datafield>
  <datafield tag="500" ind1=" " ind2=" ">
    <subfield code="a">30 a&#xF1;os : Trig&#xE9;simo aniversario Bienal Internacional del Cartel en M&#xE9;xico</subfield>
  </datafield>
  <datafield tag="500" ind1=" " ind2=" ">
    <subfield code="a">Edici&#xF3;n in memoriam: H&#xE9;ctor Villaverde (1939-2018) / Ren&#xE9; Azcuy (1939-2019) / Alejandro Alvarado y Carre&#xF1;o (1933-2019) / Mitsuo Katsui (1931-2019) / Milton Glaser (1929-2020)</subfield>
  </datafield>
  <datafield tag="500" ind1=" " ind2=" ">
    <subfield code="a">Alemania, pa&#xED;s invitado 2021.</subfield>
  </datafield>
  <datafield tag="520" ind1=" " ind2=" ">
    <subfield code="a">El trabajo de la Bienal ha sido destacar el gran valor que posee el cartel por su extraordinario mensaje luminoso y sensible, de fuerte coherencia visual, calidad y composici&#xF3;n formal, todo reunido en una misma pieza gr&#xE1;fica. - Eduardo Terrazas.</subfield>
  </datafield>
  <datafield tag="610" ind1=" " ind2=" ">
    <subfield code="a">Museo Franz Mayer (Mexico City, Mexico)</subfield>
    <subfield code="v">Exposiciones</subfield>
    <subfield code="x">Carteles</subfield>
    <subfield code="9">28496</subfield>
  </datafield>
  <datafield tag="650" ind1=" " ind2=" ">
    <subfield code="a">Carteles</subfield>
    <subfield code="v">Concursos</subfield>
    <subfield code="x">Dise&#xF1;o</subfield>
    <subfield code="z">M&#xE9;xico</subfield>
  </datafield>
  <datafield tag="942" ind1=" " ind2=" ">
    <subfield code="2">lcc</subfield>
    <subfield code="c">B</subfield>
  </datafield>
  <datafield tag="999" ind1=" " ind2=" ">
    <subfield code="c">10836</subfield>
    <subfield code="d">10836</subfield>
  </datafield>
  <datafield tag="952" ind1=" " ind2=" ">
    <subfield code="0">0</subfield>
    <subfield code="1">0</subfield>
    <subfield code="2">lcc</subfield>
    <subfield code="4">0</subfield>
    <subfield code="7">0</subfield>
    <subfield code="a">BRCA</subfield>
    <subfield code="b">BRCA</subfield>
    <subfield code="d">2022-07-25</subfield>
    <subfield code="l">0</subfield>
    <subfield code="o">NC1807.M4 B54 16 2020</subfield>
    <subfield code="p">CONT10002</subfield>
    <subfield code="r">2022-07-25 00:00:00</subfield>
    <subfield code="w">2022-07-25</subfield>
    <subfield code="y">B</subfield>
  </datafield>
</record>
